000
00290nam a2200109Ia 4500
008
230907s9999||||xx |||||||||||||| ||und||
082
_a
658.2
_b
PIP
100
_a
Piper, James
_9
118029
245
_a
Handbook of facility assessment /
_c
James Piper.
260
_c
2019-09-27
942
_2
ddc
_c
EB
999
_c
599634
_d
599634